[Event "Negombo op 2nd"]
[Site "Negombo"]
[Date "2016.08.17"]
[Round "9"]
[White "Wijesekara, Ruvinda"]
[Black "Fonseka, Waranakulasuriya Ch"]
[Result "1-0"]
[WhiteElo "1471"]
[BlackElo "1283"]
[PlyCount "63"]
[EventDate "2016.08.13"]
[EventType "swiss"]
[EventRounds "9"]
[EventCountry "SRI"]
[SourceTitle "EXT 2019"]
[Source "ChessBase"]
[SourceDate "2018.10.10"]
[SourceVersion "1"]
[SourceVersionDate "2018.10.10"]
[SourceQuality "1"]

1. e4 c5 2. Nf3 Nc6 3. d4 cxd4 4. Nxd4 e5 5. Nb3 Nf6 6. f3 Be7 7. Nc3 d6 8. Be3 0-0 9. Qd2 Be6 10. 0-0-0 Bxb3 11. cxb3 Qa5 12. g4 Rfc8 13. Kb1 Bf8 14. h4 a6 15. g5 Ne8 16. Bh3 Rd8 17. Nd5 Qxd2 18. Rxd2 b5 19. Rc1 Ne7 20. Nb6 Rab8 21. h5 g6 22. Nd7 Rb7 23. Nf6+ Kh8 24. Nxe8 Rxe8 25. hxg6 fxg6 26. Bg4 Rd8 27. Be6 Kg7 28. Rcd1 Nc8 29. f4 exf4 30. Bxf4 Re7 31. Rxd6 Nxd6 32. Be5# 1-0

[Event "Negombo op 2nd"]
[Site "Negombo"]
[Date "2016.08.15"]
[Round "6"]
[White "Abhimanyu, Iraja"]
[Black "Fonseka, Waranakulasuriya Ch"]
[Result "1-0"]
[WhiteElo "1610"]
[BlackElo "1283"]
[PlyCount "137"]
[EventDate "2016.08.13"]
[EventType "swiss"]
[EventRounds "9"]
[EventCountry "SRI"]
[SourceTitle "EXT 2019"]
[Source "ChessBase"]
[SourceDate "2018.10.10"]
[SourceVersion "1"]
[SourceVersionDate "2018.10.10"]
[SourceQuality "1"]

1. e4 c5 2. d4 cxd4 3. c3 dxc3 4. Nxc3 Nc6 5. Nf3 d6 6. Bc4 Bg4 7. Bxf7+ Kxf7 8. Ng5+ Ke8 9. Qxg4 Nf6 10. Qd1 Qd7 11. 0-0 h6 12. Nf3 e5 13. Qe2 Be7 14. Rd1 Qe6 15. Nd5 Kd7 16. b3 Ne8 17. Bb2 Bf6 18. Rac1 Nc7 19. Ba3 Ne8 20. Qb5 Rb8 21. Rxc6 bxc6 22. Qxb8 cxd5 23. Qxa7+ Nc7 24. exd5 Qe8 25. Qa4+ Ke7 26. Qxe8+ Rxe8 27. Bb2 Kd7 28. Kf1 Rb8 29. Nd2 Nxd5 30. Nc4 Ke6 31. Ba3 Be7 32. Bb2 Ra8 33. Rxd5 Kxd5 34. Nb6+ Kc6 35. Nxa8 Bf6 36. Ke2 Kb7 37. f4 Kxa8 38. fxe5 dxe5 39. Ke3 Kb7 40. Ke4 Be7 41. Bxe5 g6 42. Kd5 h5 43. Ke6 Bd8 44. Kf7 g5 45. Bf6 Kc8 46. Bxd8 Kxd8 47. Kg6 g4 48. Kxh5 g3 49. hxg3 Kd7 50. g4 Ke7 51. g5 Kf7 52. g6+ Kg8 53. a4 Kg7 54. a5 Kh8 55. a6 Kg8 56. a7 Kg7 57. a8Q Kf6 58. Kh6 Ke5 59. g7 Kd4 60. g8R Kc3 61. Rg3+ Kd4 62. Qa4+ Kc5 63. Rg5+ Kb6 64. Qa5+ Kb7 65. Rg7+ Kc6 66. Rg6+ Kb7 67. Qa6+ Kc7 68. Qa7+ Kc8 69. Rg8# 1-0